000 00332nam a22001337a 4500
020 _a978-81-265-3245-2
082 _a530
_bHAL/F
100 _aHALLIDAY, RESNICK, WALKER
245 _aFUNDAMENTALS OF PHYSICS
_bCLASS XII
260 _aDELHI
_bWILEY INDIA PVT LTD
300 _a568
650 _aPHYSICS FOR CLASS XII
_zINDIA
942 _cBK
999 _c675
_d675